Democratic values in the Muslim world / (Record no. 24453)
[ view plain ]
| 000 -LEADER | |
|---|---|
| fixed length control field | 01234cam a22003495a 4500 |
| 001 - CONTROL NUMBER | |
| control field | 7651463 |
| 005 - DATE AND TIME OF LATEST TRANSACTION | |
| control field | 20170318112619.0 |
| 008 - FIXED-LENGTH DATA ELEMENTS--GENERAL INFORMATION | |
| fixed length control field | 060706s2006 ua a grbd 001 0 eng d |
| 020 ## - INTERNATIONAL STANDARD BOOK NUMBER | |
| International Standard Book Number | 977424995X |
| 020 ## - INTERNATIONAL STANDARD BOOK NUMBER | |
| International Standard Book Number | 9789774249952 |
| 035 ## - SYSTEM CONTROL NUMBER | |
| System control number | (OCoLC)ocn682657573 |
| 035 ## - SYSTEM CONTROL NUMBER | |
| System control number | 7651463 |
| 040 ## - CATALOGING SOURCE | |
| Original cataloging agency | HLS |
| Language of cataloging | eng |
| Transcribing agency | HLS |
| Modifying agency | ORZ |
| -- | EG-ScBUE |
| 043 ## - GEOGRAPHIC AREA CODE | |
| Geographic area code | f------ |
| -- | a------ |
| 082 04 - DEWEY DECIMAL CLASSIFICATION NUMBER | |
| Classification number | 321.8091767 |
| Item number | ABD |
| Edition number | 22 |
| 100 1# - MAIN ENTRY--PERSONAL NAME | |
| Personal name | Abdel Fattah, Moataz, |
| Dates associated with a name | 1972- |
| 245 10 - TITLE STATEMENT | |
| Title | Democratic values in the Muslim world / |
| Statement of responsibility, etc | Moataz Abdel Fattah. |
| 250 ## - EDITION STATEMENT | |
| Edition statement | 1st ed. |
| 260 ## - PUBLICATION, DISTRIBUTION, ETC. (IMPRINT) | |
| Place of publication, distribution, etc | Cairo : |
| Name of publisher, distributor, etc | American University in Cairo Press, |
| Date of publication, distribution, etc | 2006. |
| 300 ## - PHYSICAL DESCRIPTION | |
| Extent | xi, 209 p. : |
| Other physical details | ill. ; |
| Dimensions | 23 cm. |
| 500 ## - GENERAL NOTE | |
| General note | Includes glossary. |
| 504 ## - BIBLIOGRAPHY, ETC. NOTE | |
| Bibliography, etc | Includes bibliographical references (p. 177-191) and index. |
| 541 ## - IMMEDIATE SOURCE OF ACQUISITION NOTE | |
| Source of acquisition | Donation from The American University in Cairo Press. |
| 650 #7 - SUBJECT ADDED ENTRY--TOPICAL TERM | |
| Topical term or geographic name as entry element | Democracy |
| Geographic subdivision | Islamic countries |
| General subdivision | Public opinion. |
| Source of heading or term | BUEsh |
| 650 #7 - SUBJECT ADDED ENTRY--TOPICAL TERM | |
| Topical term or geographic name as entry element | Democratization |
| Geographic subdivision | Islamic countries |
| General subdivision | Public opinion. |
| Source of heading or term | BUEsh |
| 650 #7 - SUBJECT ADDED ENTRY--TOPICAL TERM | |
| Topical term or geographic name as entry element | Political culture |
| Geographic subdivision | Islamic countries |
| General subdivision | Public opinion. |
| Source of heading or term | BUEsh |
| 650 #7 - SUBJECT ADDED ENTRY--TOPICAL TERM | |
| Topical term or geographic name as entry element | Muslims |
| General subdivision | Attitudes. |
| Source of heading or term | BUEsh |
| 650 #7 - SUBJECT ADDED ENTRY--TOPICAL TERM | |
| Topical term or geographic name as entry element | Public opinion |
| Geographic subdivision | Islamic countries. |
| Source of heading or term | BUEsh |
| 651 ## - SUBJECT ADDED ENTRY--GEOGRAPHIC NAME | |
| Source of heading or term | BUEsh |
| 653 ## - INDEX TERM--UNCONTROLLED | |
| Resource For college | BAEPS, Political Science |
| -- | Generalities |
| Arrived date list | March2017 |
| 942 ## - ADDED ENTRY ELEMENTS (KOHA) | |
| Source of classification or shelving scheme | Dewey Decimal Classification |
| Withdrawn status | Item status | Source of classification or shelving scheme | Damaged status | Not for loan | Vendor | Home library | Current library | Shelving location | Date acquired | Source of acquisition | Total Checkouts | Full call number | Barcode | Date last seen | Koha item type |
|---|---|---|---|---|---|---|---|---|---|---|---|---|---|---|---|
| Dewey Decimal Classification | AUC | Central Library | Central Library | First floor | 18/03/2017 | Donation | 321.8091767 ABD | 000041390 | 15/07/2025 | Book - Borrowing | |||||
| Dewey Decimal Classification | AUC | Central Library | Central Library | First floor | 18/03/2017 | Donation | 321.8091767 ABD | 000041391 | 15/07/2025 | Book - Borrowing | |||||
| Dewey Decimal Classification | AUC | Central Library | Central Library | First floor | 18/03/2017 | Donation | 321.8091767 ABD | 000041392 | 15/07/2025 | Book - Borrowing |